000 00566nam a2200181Ia 4500
003 OSt
005 20260325113756.0
008 211028s2007 xx 000 0 und d
040 _cAIMIT LIBRARY
041 _aeng
082 _a658.3 ANTA
100 _aAnthony, Angela Veronica;Dsouza, Preethi.
_g50971333
_95680
245 _aA study on employee staisfaction at Godrej and Boyce manufacturing limited, Mumbai /
260 _bDsouza, Preethi
_c2007
600 _aHuman Resource Management
_95681
650 _aHuman Resource Management
_95682
942 _2ddc
_cPRO
999 _c217985
_d217985